[Event "Bosnjaci op 15th"]
[Site "Bosnjaci"]
[Date "2010.01.05"]
[Round "4"]
[White "Medic, Mirjana"]
[Black "Djermic, Ivan"]
[Result "1/2-1/2"]
[WhiteElo "2314"]
[BlackElo "2077"]
[PlyCount "52"]
[EventDate "2010.01.03"]
[EventType "swiss"]
[EventRounds "9"]
[EventCountry "CRO"]
[SourceTitle "CBM 134 Extra"]
[Source "ChessBase"]
[SourceDate "2010.03.03"]
[SourceVersion "1"]
[SourceVersionDate "2010.03.03"]
[SourceQuality "1"]

1. d4 d5 2. Nf3 e6 3. e3 h6 4. Bd3 Nf6 5. Nbd2 b6 6. b3 Bb7 7. c4 c6 8. 0-0 Nbd7 9. Bb2 Bd6 10. Ne5 0-0 11. f4 Nh7 12. Qc2 Nhf6 13. e4 dxe4 14. Nxe4 Nxe4 15. Bxe4 Rc8 16. Rad1 Qc7 17. Qc3 Nf6 18. Bf3 Rfd8 19. Kh1 Bf8 20. Rd2 c5 21. dxc5 bxc5 22. Rfd1 Rxd2 23. Rxd2 Bxf3 24. Qxf3 Rd8 25. Rxd8 Qxd8 26. h3 Qd2 1/2-1/2

[Event "Bosnjaci op 13th"]
[Site "Bosnjaci"]
[Date "2008.01.06"]
[Round "6"]
[White "Djermic, Ivan"]
[Black "Ikica, Ante"]
[Result "1-0"]
[WhiteElo "2067"]
[BlackElo "2028"]
[PlyCount "105"]
[EventDate "2008.01.03"]
[EventType "swiss"]
[EventRounds "9"]
[EventCountry "CRO"]
[SourceTitle "CBM 122 Extra"]
[Source "ChessBase"]
[SourceDate "2008.03.04"]
[SourceVersion "1"]
[SourceVersionDate "2008.03.04"]
[SourceQuality "1"]

1. e4 g6 2. f4 Bg7 3. Nf3 d6 4. d3 Nf6 5. Be2 c6 6. 0-0 0-0 7. c3 b5 8. h3 Bb7 9. Be3 c5 10. Nbd2 a5 11. Qe1 Re8 12. Nh2 Nbd7 13. g4 Nf8 14. Qg3 c4 15. g5 cxd3 16. Bxd3 Nh5 17. Qh4 b4 18. Rae1 Ba6 19. c4 Bxb2 20. Be2 Ne6 21. Bxh5 gxh5 22. Qxh5 Ng7 23. Qh4 d5 24. Ng4 Rf8 25. Nh6+ Kh8 26. Nxf7+ Rxf7 27. g6 h5 28. gxf7 Qf8 29. exd5 Qxf7 30. Nf3 Nf5 31. Qf2 Rg8+ 32. Kh2 Qf6 33. Rg1 Rxg1 34. Rxg1 Bxc4 35. Rg5 Ng7 36. Ne5 Bxe5 37. Rxe5 Nf5 38. Bd4 Kg8 39. Qg2+ Kf8 40. Qe4 Nd6 41. Qf3 Bxa2 42. Qg2 Nf5 43. Bb2 Qf7 44. Qd2 Nh4 45. Qf2 Nf5 46. Qb6 Nd6 47. Qb8+ Ne8 48. Rg5 Qh7 49. Qc8 Kf7 50. Rf5+ Nf6 51. Bxf6 exf6 52. Qe6+ Kg7 53. Qxf6+ 1-0

[Event "Bosnjaci op 13th"]
[Site "Bosnjaci"]
[Date "2008.01.04"]
[Round "2"]
[White "Djermic, Ivan"]
[Black "Tomic, Bosko"]
[Result "0-1"]
[WhiteElo "2067"]
[BlackElo "2386"]
[PlyCount "86"]
[EventDate "2008.01.03"]
[EventType "swiss"]
[EventRounds "9"]
[EventCountry "CRO"]
[SourceTitle "CBM 122 Extra"]
[Source "ChessBase"]
[SourceDate "2008.03.04"]
[SourceVersion "1"]
[SourceVersionDate "2008.03.04"]
[SourceQuality "1"]

1. e4 c5 2. f4 e6 3. c3 d5 4. e5 f6 5. d4 fxe5 6. fxe5 cxd4 7. Qxd4 Nc6 8. Bb5 Nge7 9. Nf3 a6 10. Bxc6+ Nxc6 11. Qf2 Be7 12. Qg3 0-0 13. Be3 d4 14. cxd4 Nb4 15. Nbd2 Nc2+ 16. Ke2 Bd7 17. Qg4 Bb5+ 18. Kf2 Nxe3 19. Kxe3 Qb6 20. Rhd1 Rad8 21. Ne4 Rf5 22. Rd2 Rdf8 23. Ng3 Rf4 24. Qxf4 Rxf4 25. Kxf4 Qa5 26. a3 Bc6 27. Ne4 g5+ 28. Nexg5 Bxg5+ 29. Kxg5 Bxf3 30. Rf2 Qd8+ 31. Kf4 Bc6 32. Ke3 Qd5 33. Raf1 Qe4+ 34. Kd2 Qxd4+ 35. Kc1 Qxe5 36. h3 Be4 37. Rf4 Qc5+ 38. Kd2 Qc2+ 39. Ke3 Bg6 40. Kf3 e5 41. Rb4 a5 42. Rg4 e4+ 43. Kg3 Qd3+ 0-1

[Event "Zupanja op-B 13th"]
[Site "Zupanja"]
[Date "2007.01.09"]
[Round "9"]
[White "Djermic, Ivan"]
[Black "Hamzic, Adil"]
[Result "1-0"]
[WhiteElo "2095"]
[BlackElo "1874"]
[PlyCount "56"]
[EventDate "2007.01.03"]
[EventType "swiss"]
[EventRounds "9"]
[EventCountry "CRO"]
[SourceTitle "CBM 116 Extra"]
[Source "ChessBase"]
[SourceDate "2007.03.07"]
[SourceVersion "1"]
[SourceVersionDate "2007.03.07"]
[SourceQuality "1"]

1. e4 c5 2. f4 d6 3. Nf3 Nf6 4. d3 Nc6 5. c3 e5 6. Be2 Qb6 7. Nbd2 Be6 8. f5 Bd7 9. Nc4 Qc7 10. Ne3 g6 11. g4 h5 12. g5 Ng4 13. Nd5 Qd8 14. h3 gxf5 15. hxg4 fxg4 16. Nf6+ Ke7 17. Ng1 Bg7 18. Nxh5 Qf8 19. Bxg4 Be6 20. Qf3 Kd7 21. Bd2 Bxg4 22. Qxg4+ Kc7 23. 0-0-0 Rg8 24. Nxg7 Qxg7 25. Qf3 Ne7 26. Ne2 Ng6 27. Rdf1 Nf4 28. Nxf4 exf4 1-0

[Event "Treber Memorial 3rd"]
[Site "Vinkovci"]
[Date "2006.05.26"]
[Round "5.10"]
[White "Kovacevic, Srecko"]
[Black "Djermic, Ivan"]
[Result "1-0"]
[WhiteElo "2095"]
[BlackElo "2143"]
[PlyCount "107"]
[EventDate "2006.05.22"]
[EventType "swiss"]
[EventRounds "7"]
[EventCountry "CRO"]
[SourceTitle "CBM 112 Extra"]
[Source "ChessBase"]
[SourceDate "2006.07.14"]
[SourceVersion "1"]
[SourceVersionDate "2006.07.14"]
[SourceQuality "1"]

1. d4 d5 2. Nf3 e6 3. e3 Nf6 4. Bd3 Bd6 5. Nbd2 0-0 6. c4 c6 7. b3 Nbd7 8. Bb2 h6 9. Ne5 Bc7 10. f4 Nxe5 11. fxe5 Ne8 12. Ba3 f5 13. Bxf8 Kxf8 14. 0-0 g6 15. Qf3 Ba5 16. Rf2 Kg8 17. g4 Ng7 18. Kh1 Kh7 19. Rg1 Bd7 20. Nf1 Qe7 21. cxd5 cxd5 22. gxf5 Nxf5 23. Bxf5 exf5 24. Rfg2 Rg8 25. Ng3 Be6 26. Ne2 g5 27. Nc1 Bd8 28. Nd3 b6 29. Rc2 Qf7 30. Rgc1 Rg7 31. Nb4 g4 32. Qf1 Bg5 33. Re1 Bh4 34. Ree2 g3 35. Rg2 Qh5 36. Qe2 Qxe2 37. Rcxe2 f4 38. exf4 Bh3 39. Rxg3 Bxg3 40. hxg3 Rxg3 41. Nxd5 Rd3 42. e6 Bxe6 43. Rxe6 Rxd4 44. Re5 Rd1+ 45. Kg2 Rd2+ 46. Kf3 Rxa2 47. b4 a5 48. bxa5 bxa5 49. f5 Kg7 50. Re7+ Kf8 51. f6 Ra1 52. Nf4 Rf1+ 53. Kg4 Rg1+ 54. Kh5 1-0

[Event "Djakovo op-B"]
[Site "Djakovo"]
[Date "2005.05.04"]
[Round "6"]
[White "Djermic, Ivan"]
[Black "Ribicic, Mate"]
[Result "0-1"]
[WhiteElo "2149"]
[BlackElo "2197"]
[PlyCount "80"]
[EventDate "2005.05.01"]
[EventType "swiss"]
[EventRounds "9"]
[EventCountry "CRO"]
[SourceTitle "CBM 106 Extra"]
[Source "ChessBase"]
[SourceDate "2005.07.01"]
[SourceVersion "1"]
[SourceVersionDate "2005.07.01"]
[SourceQuality "1"]

1. e4 c5 2. f4 Nc6 3. Nf3 g6 4. d3 Bg7 5. c3 d5 6. e5 Bg4 7. Be2 e6 8. 0-0 Nge7 9. Qe1 Nf5 10. h3 Bxf3 11. Bxf3 h5 12. Kh2 h4 13. Bg4 Ng3 14. Rf3 Qc7 15. Kg1 g5 16. Rf2 gxf4 17. Bxf4 Bxe5 18. Bg5 f5 19. Bd1 Qg7 20. Bf4 0-0-0 21. Nd2 Kb8 22. Rb1 Bxf4 23. Rxf4 e5 24. Rf2 e4 25. dxe4 dxe4 26. Nc4 Ne5 27. Nxe5 Qxe5 28. Bc2 e3 29. Rf3 f4 30. Rd1 Kc7 31. c4 Rxd1 32. Bxd1 b6 33. Kh2 Rd8 34. b4 cxb4 35. c5 bxc5 36. a3 Qc3 37. Qg1 Qa1 38. Ba4 Qxg1+ 39. Kxg1 bxa3 40. Kh2 Rd4 0-1

[Event "Djakovo op-B"]
[Site "Djakovo"]
[Date "2005.05.01"]
[Round "1"]
[White "Olarasu, Gabriela"]
[Black "Djermic, Ivan"]
[Result "1-0"]
[WhiteElo "2353"]
[BlackElo "2149"]
[PlyCount "45"]
[EventDate "2005.05.01"]
[EventType "swiss"]
[EventRounds "9"]
[EventCountry "CRO"]
[SourceTitle "CBM 106 Extra"]
[Source "ChessBase"]
[SourceDate "2005.07.01"]
[SourceVersion "1"]
[SourceVersionDate "2005.07.01"]
[SourceQuality "1"]

1. Nf3 d5 2. c4 d4 3. b4 f6 4. e3 dxe3 5. fxe3 e5 6. a3 Be6 7. d4 e4 8. Nfd2 f5 9. Nc3 Nf6 10. Nb3 b6 11. d5 Bf7 12. Nd4 g6 13. Bb2 Bh6 14. Ne6 Bxe6 15. dxe6 Qe7 16. Nd5 Nxd5 17. cxd5 0-0 18. Qd4 Bg7 19. Qxg7+ Qxg7 20. Bxg7 Kxg7 21. Rc1 Kf6 22. Rxc7 b5 23. Bxb5 1-0

[Event "Bosnjaci op-B"]
[Site "Bosnjaci"]
[Date "2005.01.??"]
[Round "8"]
[White "Djermic, Ivan"]
[Black "Abdil, Halil"]
[Result "0-1"]
[WhiteElo "2112"]
[BlackElo "2290"]
[PlyCount "102"]
[EventDate "2005.01.??"]
[EventType "swiss"]
[EventRounds "9"]
[EventCountry "CRO"]
[SourceTitle "CBM 104 Extra"]
[Source "ChessBase"]
[SourceDate "2005.03.01"]
[SourceVersion "1"]
[SourceVersionDate "2005.03.01"]
[SourceQuality "1"]

1. e4 c5 2. f4 Nc6 3. Nf3 g6 4. c3 d5 5. e5 h5 6. Be2 Nh6 7. d3 Bg7 8. 0-0 Nf5 9. a4 a6 10. Na3 Qb6 11. Kh1 Na5 12. d4 cxd4 13. b4 Nc6 14. b5 axb5 15. axb5 Na5 16. Nxd4 0-0 17. Nac2 Bd7 18. Ba3 Rfc8 19. Bb4 Nxd4 20. Nxd4 Qd8 21. Bd3 e6 22. Qe2 b6 23. Qf2 Qc7 24. Qg3 Be8 25. Rae1 Nb7 26. f5 exf5 27. Bxf5 Rd8 28. Qg5 Nc5 29. Bxg6 fxg6 30. Bxc5 bxc5 31. Ne6 Qd7 32. Nf4 Qg4 33. Qe7 Bf8 34. Qf6 Bg7 35. Qb6 Rab8 36. Qxc5 Rxb5 37. Qe7 Qd7 38. Qg5 Kh7 39. e6 Qc7 40. e7 Rd6 41. Ne6 Qxc3 42. Re3 Qf6 43. Qxf6 Bxf6 44. Nc7 Rb8 45. h3 d4 46. Ref3 Kg7 47. Rd3 Rc8 48. Rc1 Kf7 49. Kh2 Rd7 50. Nxe8 Be5+ 51. g3 Rxc1 0-1

[Event "Bosnjaci op-B"]
[Site "Bosnjaci"]
[Date "2005.01.??"]
[Round "9"]
[White "Levar, Nenad"]
[Black "Djermic, Ivan"]
[Result "0-1"]
[WhiteElo "2203"]
[BlackElo "2112"]
[PlyCount "96"]
[EventDate "2005.01.??"]
[EventType "swiss"]
[EventRounds "9"]
[EventCountry "CRO"]
[SourceTitle "CBM 104 Extra"]
[Source "ChessBase"]
[SourceDate "2005.03.01"]
[SourceVersion "1"]
[SourceVersionDate "2005.03.01"]
[SourceQuality "1"]

1. Nf3 d5 2. d4 e6 3. c4 dxc4 4. e3 b5 5. a4 c6 6. axb5 cxb5 7. b3 Nf6 8. bxc4 bxc4 9. Bxc4 Bb4+ 10. Bd2 Bxd2+ 11. Nbxd2 0-0 12. 0-0 a5 13. Ne5 Bb7 14. Qb3 Ra7 15. Rfd1 Nbd7 16. Ndf3 Qe7 17. h3 Nd5 18. Nxd7 Qxd7 19. Ne5 Qe7 20. Qa3 Nb4 21. Bf1 Rfa8 22. Rdb1 Be4 23. Rc1 f6 24. Nc4 Qd8 25. Qb2 Nd3 26. Bxd3 Bxd3 27. Qc3 Bg6 28. f3 Rc8 29. Qd2 h6 30. e4 Rac7 31. Ne3 Rxc1+ 32. Rxc1 Rxc1+ 33. Qxc1 Qxd4 34. Kh2 Kh7 35. Qa3 a4 36. Nc2 Qc4 37. Qb2 e5 38. Na3 Qc5 39. Nc2 Bf7 40. h4 Qf2 41. Qc3 Bb3 42. Ne3 Qxh4+ 43. Kg1 Qh5 44. Nf5 Qf7 45. Qb4 Qa7+ 46. Kh2 Be6 47. Nd6 a3 48. Nb5 Qb6 0-1